Los gatos / (Registro nro. 8927)

Detalles MARC
000 -LIDER
fixed length control field 01066nam a22003137a 4500
001 - NÚMERO DE CONTROL
Identificador de número de control 0155
003 - IDENTIFICACDOR DE NÚMERO DE CONTROL
control field DO-SdBNP
005 - DATE AND TIME OF LATEST TRANSACTION
control field 20180222141650.0
007 - CAMPOS FIJOS DE DESCRIPCIÓN FÍSICA
fixed length control field 0155
008 - ELEMENTOS DE LONGITUD FIJA
fixed length control field 151005b 1999 sp a 00| 0 spa d
020 ## - ISBN
International Standard Book Number 2215063777
040 ## - FUENTE DE CATALOGACIÓN
Agencia que crea de manera original el registro BPMSU
Idioma de catalogación spa
Agencia que realiza la transcripción BPMSU
082 #4 - NÚMERO DE CLASIFICACIÓN DECIMAL DE DEWEY
Classification number xxxx
Item number xxxx
100 1# - ASIENTO PRINCIPAL -- NOMBRE PERSONAL
Nombre personal Beaumont, Emilie
240 10 - TITULO UNIFORME
Título uniforme Les chats
Información miscelánea L´imagerie animale
Idioma de una obra fre
245 10 - MENCIÓN DE TITULO
Título Los gatos /
Mención de responsabilidad Emilie Beaumont, Agnés Vandewiele ; ilustraciones Lorenzo Orlandi, Betti Ferrero
260 ## - PUBLICACIÓN, DISTRIBUCIÓN, ETC. (PIE DE IMPRENTA)
Lugar de publicación, distribución, etc España :
Nombre del editor, distribuidor, etc. Fleurus,
Fecha de publicación, distribución, etc 1999.
300 ## - DESCRIPCIÓN FÍSICA
Extensión 27 p. :
Otros detalles físicos il. ;
Dimensiones 30 cm.
490 1# - MENCIÓN DE SERIES
Mención de serie Enciclopedia de los animales
505 1# - NOTA DE CONTENIDO
Título El gato --
-- Un maestro del equilibrio --
-- Un gran cazador --
-- Conducta --
-- Una vida higiénica --
-- Las crías --
-- Cuidando a tu gato --
-- Gatos de pelo corto --
-- Gatos de pelo largo --
700 12 - ASIENTO SECUNDARIO -- NOMBRE PERSONAL
Nombre personal Vandewiele, Agnés
700 12 - ASIENTO SECUNDARIO -- NOMBRE PERSONAL
Nombre personal Orlandi, Lorenzo,
Mención de responsabilidad il.
700 12 - ASIENTO SECUNDARIO -- NOMBRE PERSONAL
Nombre personal Ferrero, Betti,
Mención de responsabilidad il.
830 #0 - ASIENTO SECUNDARIO DE SERIE--TÍTULO UNIFORME
Título uniforme Enciclopedia de los animales
910 ## - VALIDACIÓN
Validación 202
942 ## - ADDED ENTRY ELEMENTS (KOHA)
Source of classification or shelving scheme Dewey Decimal Classification
Koha item type Libros
945 ## - INFORMACIÓN DE PROCESAMIENTO LOCAL
Información de procesamiento local Inventariado, 2018 / BT
956 ## - LOCAL ELECTRONIC LOCATION AND ACCESS (OCLC)
Nombre de host Yngrid Lockward
Existencias
Withdrawn status Lost status Source of classification or shelving scheme Damaged status Not for loan Collection code Home library Current library Date acquired Source of acquisition Total Checkouts Full call number Barcode Date last seen Price effective from Koha item type
    Dewey Decimal Classification     Colección Infantil General Biblioteca Pública Metropolitana Salomé Ureña Biblioteca Pública Metropolitana Salomé Ureña 11/26/2015 Sin sellar   xxxx xxxx BPMSU15110502 11/26/2015 11/26/2015 Libros